[Event "Mistrovstvi Cech mladeze v sachu 2019 - HD12"]
[Site "Prichovice u Korenova"]
[Date "2019.10.29"]
[Round "4"]
[White "Langmaier, Michal"]
[Black "Popov, Roman"]
[Result "1/2-1/2"]
[WhiteElo "1189"]
[BlackElo "1461"]
[EventDate "2019.10.26"]
[PlyCount "60"]

1. d4 Nf6 2. c4 c5 3. d5 b5 4. cxb5 a6 5. bxa6 g6 6. Nc3 Bg7 7. Nf3 O-O 8. g3
Bxa6 9. Bg2 d6 10. O-O Nbd7 11. Qc2 Nb6 12. Rd1 Qc7 13. Rb1 Rfc8 14. b3 Ra7 15.
Bb2 Rca8 16. h3 Bb7 17. Nb5 Qd8 18. Nxa7 Rxa7 19. e4 Rxa2 20. Ra1 Rxb2 21. Qxb2
Nxe4 22. Qc2 Bxa1 23. Qxe4 Bf6 24. Ne1 Qa8 25. Qd3 Qa5 26. Nc2 Ba6 27. Qd2 Bc3
28. Qe3 Bf6 29. Qd2 Bc3 30. Qe3 Bf6 1/2-1/2

[Event "Mistrovstvi Cech mladeze v sachu 2019 - HD12"]
[Site "Prichovice u Korenova"]
[Date "2019.10.29"]
[Round "4"]
[White "Tegda, Vojtech"]
[Black "Garabik, Marek"]
[Result "1-0"]
[WhiteElo "1279"]
[BlackElo "1381"]
[EventDate "2019.10.26"]
[PlyCount "65"]

1. e4 e6 2. d4 d5 3. e5 c5 4. c3 Nc6 5. Nf3 Bd7 6. Bb5 Qb6 7. Bxc6 Bxc6 8. O-O
Ne7 9. Na3 cxd4 10. cxd4 Nf5 11. Nc2 Be7 12. b3 O-O 13. Bb2 f6 14. Re1 Rfe8 15.
Ne3 Nxe3 16. Rxe3 fxe5 17. Nxe5 Bf6 18. Qh5 Qc7 19. Rh3 g6 20. Qh6 Bxe5 21.
dxe5 Qg7 22. Qh4 Qe7 23. Qf4 Rf8 24. Qc1 Rac8 25. Ba3 Qf7 26. Rf3 Qg7 27. Rxf8+
Rxf8 28. Bxf8 Kxf8 29. Qc5+ Kf7 30. Re1 Qh6 31. Re3 Qg5 32. Rf3+ Kg7 33. Qf8#
1-0

[Event "Mistrovstvi Cech mladeze v sachu 2019 - HD12"]
[Site "Prichovice u Korenova"]
[Date "2019.10.29"]
[Round "4"]
[White "Myskova, Veronika"]
[Black "Hrbek, Jachym"]
[Result "0-1"]
[WhiteElo "1042"]
[BlackElo "1296"]
[PlyCount "54"]
[EventDate "2019.10.26"]

1. e4 c5 2. Nf3 Nc6 3. d4 cxd4 4. Nxd4 e5 5. Nf3 Nf6 6. Nc3 d6 7. Be2 Be7 8.
Be3 O-O 9. Qd2 Rb8 10. O-O-O a6 11. h3 b5 12. g4 Be6 13. Kb1 Qa5 14. Ng5 Bc4
15. Bxc4 bxc4 16. b3 Qa3 17. Qc1 Qb4 18. Qd2 h6 19. Nf3 a5 20. Nd5 Nxe4 21.
Qxb4 axb4 22. Nxe7+ Nxe7 23. Kb2 c3+ 24. Ka1 Ra8 25. g5 h5 26. Rhg1 Ra6 27. Nh4
Rfa8 0-1

[Event "Mistrovstvi Cech mladeze v sachu 2019 - HD12"]
[Site "Prichovice u Korenova"]
[Date "2019.10.29"]
[Round "4"]
[White "Velkoborsky, Tadeas"]
[Black "Taborsky, Vaclav"]
[Result "0-1"]
[WhiteElo "1147"]
[BlackElo "1449"]
[PlyCount "94"]
[EventDate "2019.10.26"]

1. e4 e5 2. Nf3 Nc6 3. Nc3 Nf6 4. d4 exd4 5. Nxd4 Bb4 6. Nxc6 bxc6 7. Bd3 d5 8.
Bg5 d4 9. Qd2 O-O 10. O-O dxc3 11. bxc3 Be7 12. Rfe1 Ng4 13. Bxe7 Qxe7 14. h3
Ne5 15. Be2 Rd8 16. Qe3 Be6 17. Qg3 Bc4 18. Bf3 Nxf3+ 19. Qxf3 Rd2 20. e5 Qc5
21. Rab1 Bd5 22. Qf4 Qxc3 23. e6 Bxe6 24. Qxc7 h6 25. Rb7 Rd7 26. Rb8+ Rxb8 27.
Qxb8+ Kh7 28. Qe8 Qxe1+ 29. Kh2 Qxf2 30. Qb8 Rd2 31. Qg3 Rxc2 32. Qd3+ Bf5 33.
Qg3 Be4 34. Qxf2 Rxf2 35. Kg3 Rxg2+ 36. Kf4 Rd2 37. Kxe4 c5 38. Ke3 Rd8 39. a4
c4 40. a5 c3 41. a6 c2 42. h4 c1=Q+ 43. Ke4 Qc5 44. h5 Rd4+ 45. Ke3 Qc3+ 46.
Ke2 Rd2+ 47. Ke1 Qc1# 0-1

[Event "Mistrovstvi Cech mladeze v sachu 2019 - HD12"]
[Site "Prichovice u Korenova"]
[Date "2019.10.29"]
[Round "4"]
[White "Prochazka, Matej"]
[Black "Bukvaj, Martin"]
[Result "0-1"]
[WhiteElo "1149"]
[BlackElo "1329"]
[EventDate "2019.10.26"]
[PlyCount "59"]

1. e4 d5 2. exd5 Nf6 3. d4 Nxd5 4. Nf3 Bg4 5. Be2 e6 6. h3 Bh5 7. O-O Be7 8.
Ne5 Bxe2 9. Qxe2 O-O 10. c4 Nb6 11. b3 Qxd4 12. Bb2 Qd8 13. Qg4 Bf6 14. Re1 Qe7
15. Nc3 N8d7 16. Nxd7 Nxd7 17. Nd5 Qd6 18. Nxf6+ Nxf6 19. Bxf6 g6 20. Qg5 e5
21. Be7 Qd7 22. Bf6 Qf5 23. Qxf5 gxf5 24. Rxe5 Rfe8 25. Rxf5 Re6 26. Rd1 Rae8
27. Rd3 Rc6 28. Rg3+ Kf8 29. Bd4 Rg6 30. Rgf3 0-1

[Event "Mistrovstvi Cech mladeze v sachu 2019 - HD14"]
[Site "Prichovice u Korenova"]
[Date "2019.10.29"]
[Round "4"]
[White "Hak, David"]
[Black "Stejskal, Michal"]
[Result "1-0"]
[WhiteElo "2018"]
[BlackElo "1691"]
[EventDate "2019.10.26"]

1. d4  Nf6  2. c4  e6
3. Nc3  Bb4  4. e3
c5  5. Nge2  b6
6. a3  Bxc3+  7. Nxc3  Bb7
8. dxc5  bxc5  9. Qd6
Qc8  10. b4  cxb4
11. axb4  Qc6  12. Nb5
Na6  13. Qxc6  dxc6
14. Nd6+  Kd7  15. Nxb7
Nxb4  16. Rb1  a5
17. Nxa5  Rxa5  18. Rxb4
Ra1  19. Kd1  Ne4
20. Kc2  Nxf2  21. Rg1
Rha8  22. Be2  R8a2+ 23. Rb2 Ne4
24. Rd1+  Kc7  25. Rxa2
Rxa2+  26. Bb2  Ra5
27. Ra1  Rxa1  28. Bxa1
f6  29. Bd3  Nd6
30. Kb3  h6  31. Bb2
Kb6 32. Bc3  Nb7  33. Bb4
c5  34. Bc3  Nd6
35. Ka4  Nb7  36. Be4
Nd6  37. Ba5+  Ka6
38. Bd3  e5  39. Bc7
Nf7  40. Be4  h5
41. Bd5  Nh6  42. Be6
g6  43. Bd6  Kb6
44. Bf8  Nf5  45. Bxf5
gxf5  46. Bg7  f4
47. exf4  f5  48. Bxe5
Ka6  49. Bc7  Kb7
50. Kb5  Kxc7  51. Kxc5
h4  52. Kd5  Kd7
53. Ke5  Kc6  54. Kxf5
Kc5  55. Ke5  Kxc4
56. f5  Kd3  57. f6
Ke3  58. f7  Kf2
59. f8=Q+  Kxg2  60. Qf4
1-0

[Event "Mistrovstvi Cech mladeze v sachu 2019 - HD14"]
[Site "Prichovice u Korenova"]
[Date "2019.10.29"]
[Round "4"]
[White "Smolik, Jachym"]
[Black "Hlavina, Matous"]
[Result "0-1"]
[WhiteElo "1900"]
[BlackElo "1983"]
[EventDate "2019.10.26"]

1. d4  Nf6  2. Nf3  d5
3. c4  e6  4. Nc3
Be7  5. cxd5  exd5
6. Bg5  c6  7. e3
Bf5  8. Bd3  Bxd3
9. Qxd3  Nbd7  10. Nd2
O-O  11. O-O  Re8
12. Qe2  a5  13. Bf4
Nb6  14. Qf3  Nc8
15. Kh1  Qd7  16. Na4
Bd6  17. Nc5  Bxc5
18. dxc5  Ne4  19. Nxe4
Rxe4  20. Rfd1  Qe8
21. Rd4  Re6  22. g4
Ne7  23. Bd6  Ng6
24. g5  b5  25. Rg1
Ne5  26. Qh5  f5
27. Qxe8+  Raxe8  28. Bxe5
Rxe5  29. Kg2  Kf7
30. Kg3  Re4  31. Rgd1
Kg6  32. h4  Kh5
33. R1d3  R8e6  34. Rd1
Kg6  35. Rxe4  Rxe4
36. Rd4  Kf7  37. Kf3
Ke6  38. Ke2  Rxd4
39. exd4  f4  40. f3
Kf5  41. Kf2  Kg6
42. Kg2  Kh5  43. Kh3
g6  0-1

[Event "Mistrovstvi Cech mladeze v sachu 2019 - HD14"]
[Site "Prichovice u Korenova"]
[Date "2019.10.29"]
[Round "4"]
[White "Prazak, Daniel"]
[Black "Svacina, Tobias"]
[Result "1/2-1/2"]
[WhiteElo "1725"]
[BlackElo "1538"]
[EventDate "2019.10.26"]

1. Nf3  Nf6  2. g3  d6
3. d4  Bg4  4. Bg2
Bxf3  5. Bxf3  c6
6. O-O  g6  7. b3
Bg7  8. Bb2  O-O
9. c4  e6  10. e3
d5  11. Nd2  Na6
12. Qe2  Re8  13. Rfd1
Rb8  14. a4  Nb4
15. Bc3  Qe7  16. e4
dxe4  17. Nxe4  Nxe4
18. Bxe4  Na6  19. f4
c5  20. Qb2  Red8
21. Rd3  cxd4  22. Bxd4
Nc5  23. Bxg7  Nxd3
24. Bxd3  Rxd3  25. Bh8
f5  26. Qe5  Rbd8
27. Bf6  Rd1+  28. Kg2
R8d2+  29. Kh3  Qd7
30. Qb8+  Kf7  31. Rxd1
Rxd1  32. Qh8  e5
33. Bxe5  Qe7  34. Qxh7+
Ke8  35. Qxg6+  Qf7
36. Qh6  Rd2  37. Bc3
Rd3  38. Qh8+  Ke7
39. Qe5+  Qe6  40. Qg7+
Qf7  41. Bb4+  Ke8
42. Qe5+  Kd7  43. Qb5+
Kc8  44. Qc5+  Kd7
1/2-1/2

[Event "Mistrovstvi Cech mladeze v sachu 2019 - HD14"]
[Site "Prichovice u Korenova"]
[Date "2019.10.29"]
[Round "4"]
[White "Juchelka, Marek"]
[Black "Soucek, Petr"]
[Result "1/2-1/2"]
[WhiteElo "1604"]
[BlackElo "1816"]
[EventDate "2019.10.26"]

1. e4  c5  2. Nf3  e6
3. d4  cxd4  4. Nxd4
Nf6  5. Bd3  Nc6
6. Nxc6  bxc6  7. c4
d5  8. cxd5  cxd5
9. exd5  Nxd5  10. O-O
Bd6  11. a3  O-O
12. Qc2  h6  13. Nc3
Bb7  14. Nxd5  Bxd5
15. Be3  Rc8  16. Qd2
Qc7  17. h3  Qb7
18. f3  Rfd8  19. Qe2
Qd7  20. Rac1  Bb8
21. Rxc8  Rxc8  22. Bf2
Qc7  23. g3  Qc6
24. Kg2  Rd8  25. Rd1
Rd7  26. Be3  Qc7
27. Bf2  h5  28. h4
a5  29. Qc2  Qb7
30. Qe2  Be5  31. Rd2
Bf6  32. Be3  Rc7
33. Bf4  e5  34. Bg5
Bxg5  35. hxg5  Rc1
36. Be4  Bxe4  37. Qxe4
Qxe4  38. fxe4  Kh7
39. Rd5  Rc2+  40. Kh3
f6  41. gxf6  gxf6
42. Rxa5  Rxb2  43. g4
hxg4+  44. Kxg4  Kg6
45. Ra4  Rb3  46. Kh4
Re3  47. Kg4 1/2-1/2

[Event "Mistrovstvi Cech mladeze v sachu 2019 - HD14"]
[Site "Prichovice u Korenova"]
[Date "2019.10.29"]
[Round "4"]
[White "Prochazka, Vojtech"]
[Black "Duriancik, Michal"]
[Result "1-0"]
[WhiteElo "1763"]
[BlackElo "1593"]
[EventDate "2019.10.26"]

1. e4 c5 2. Nf3 e6 3. d4 cxd4 4. Nxd4 a6 5. c4 Nf6 6. Nc3 Qc7 7. a3 Nxe4 8. Nxe4
Qe5 9. Bd3 Qxd4 10. O-O Nc6 11. Be3 Qe5 12. f4 Qc7 13. Qh5 Be7 14. Ng5 Bxg5 15.
Qxg5 Kf8 16. Rae1 d6 17. Qh5 h6 18. c5 d5 19. f5 e5 20. f6 e4 21. Bf4 Qd7 22.
Bd6+ Kg8 23. fxg7 Rh7 24. Qxd5 exd3 25. Re7 Qe6 26. Rxe6 Bxe6 27. Qxd3 Rxg7 28.
Rf3 Rd8 29. Rg3 Rxg3 30. Qxg3+ Kh7 31. Qd3+ Kg8 32. Qe3 Kh7 33. Qe4+ Kg8 34. Qh4
Kg7 35. Bf4 Rh8 36. Bd2 Kg6 37. Bc3 Rd8 38. Qf6+ Kh5 39. h3 1-0

[Event "Mistrovstvi Cech mladeze v sachu 2019 - HD14"]
[Site "Prichovice u Korenova"]
[Date "2019.10.29"]
[Round "4"]
[White "Bednar, Milos"]
[Black "Stocek, Martin"]
[Result "0-1"]
[WhiteElo "1573"]
[BlackElo "1726"]
[EventDate "2019.10.26"]

1. e4  c6  2. Nc3  d5
3. Nf3  dxe4  4. Nxe4
Nd7  5. Bc4  e6
6. O-O  Ngf6  7. Ng3  Bd6
8. Qe2  O-O  9. d4
Qc7  10. Bg5  Re8
11. Rfe1  c5  12. c3
b6  13. Rac1  Bb7
14. Bxf6 Nxf6  15. Ne5  Rad8
16. f4  Bd5  17. Bxd5
Nxd5  18. Qf3  f6
19. c4  fxe5  20. fxe5
Nb4  21. exd6 Qxd6 22. d5  exd5
23. Rxe8+  Rxe8  24. a3
Rf8  25. Qb3  Qf4
26. Rf1  Qd4+  27. Kh1
Rxf1+  28. Nxf1  Nd3
29. h3  Qxc4  0-1

[Event "Mistrovstvi Cech mladeze v sachu 2019 - HD14"]
[Site "Prichovice u Korenova"]
[Date "2019.10.29"]
[Round "4"]
[White "Winter, Ondrej"]
[Black "Simunek, Jakub Simon"]
[Result "0-1"]
[WhiteElo "1806"]
[BlackElo "1543"]
[EventDate "2019.10.26"]

1. e4 c6 2. Nf3 d5 3. Nc3 dxe4 4. Nxe4 Nf6 5. Nxf6+ exf6 6. d4 Bd6 7. Bd3 O-O 8.
O-O Qc7 9. c3 Bg4 10. h3 Be6 11. Qc2 h6 12. Nh4 Qd7 13. f4 c5 14. f5 Bd5 15. c4
Bg3 16. cxd5 Bxh4 17. dxc5 Qxd5 18. Be4 Qd4+ 19. Kh1 Nc6 20. Bxc6 bxc6 21. Bd2
Bg3 22. Rad1 Be5 23. b3 Qh4 24. Rf3 Rad8 25. g4 Rd4 26. Rg1 Rfd8 27. Be1 Qg5 28.
Bg3 Rd2 29. Qe4 R8d4 30. Qxc6 Rxg4 31. Qe8+ Kh7 32. Qxf7 Qh4 0-1

[Event "Mistrovstvi Cech mladeze v sachu 2019 - HD14"]
[Site "Prichovice u Korenova"]
[Date "2019.10.29"]
[Round "4"]
[White "Werner, Hong Quan Dan"]
[Black "Martinkova, Magdalena"]
[Result "1-0"]
[WhiteElo "1699"]
[BlackElo "1519"]
[EventDate "2019.10.26"]

1. e4  e5  2. Nf3  Nc6
3. Bb5  a6  4. Ba4
Nf6  5. O-O  Be7
6. Re1  b5  7. Bb3
O-O  8. d4  d6
9. c3  exd4  10. cxd4  Bg4
11. Be3  Na5  12. Bc2
Nc4  13. Bc1  c5
14. b3  Nb6  15. Bb2
Qc7  16. e5  Nfd7
17. Qd3  g6  18. Qe2
Rac8  19. Nbd2  cxd4
20. Rac1  Qb8  21. e6
Ne5  22. h3  d3
23. Bxd3  Rxc1  24. Rxc1  Nxd3
25. Qxd3  Bxe6  26. Qd4
f6  27. Re1  Kf7
28. Qe3  Qc8  29. Qxb6
1-0

[Event "Mistrovstvi Cech mladeze v sachu 2019 - HD14"]
[Site "Prichovice u Korenova"]
[Date "2019.10.29"]
[Round "4"]
[White "Nagyova, Daniela"]
[Black "Jirasko, Miroslav"]
[Result "0-1"]
[WhiteElo "1532"]
[BlackElo "1640"]
[EventDate "2019.10.26"]

1. e4  d5  2. exd5  Qxd5
3. Nc3  Qa5  4. d4
Nf6  5. Nf3  Bf5
6. Bd2  c6  7. Bc4
e6  8. Bb3  Nbd7
9. Qe2  Bb4  10. a3
Bxc3  11. Bxc3  Qc7
12. h3  Bg6  13. Nh4
O-O-O  14. Nxg6  hxg6
15. O-O-O  Nb6  16. Ba5
Qf4+  17. Qe3  Qf5
18. Bd2  Nfd5  19. Qg3
Nf6  20. Qe3  Nbd5
21. Bxd5  Qxd5  22. g4
Qxd4  23. Qxd4  Rxd4
24. Be3  Rxd1+  25. Kxd1
b6  26. Ke2  Nxg4
27. Bd4  Nf6  28. Be5
Rh5  29. f4  Rf5
30. Rg1  b5  31. h4
Rh5  32. Rh1  Rh8
33. Kf3  Rd8  34. Bc3
Rd5  35. Ke2  Ne4
36. Rh3  Nxc3+  37. Rxc3
Kd7  38. Rd3  Rxd3
39. Kxd3  Kd6  40. Kd4
c5+  41. Ke4  f5+
42. Ke3  Kd5  43. b3
a5  44. c3  e5
45. Kf3  exf4  46. Kxf4  b4
47. axb4  cxb4  48. c4+
Kd4  49. Kg5  a4 0-1

[Event "Mistrovstvi Cech mladeze v sachu 2019 - HD14"]
[Site "Prichovice u Korenova"]
[Date "2019.10.29"]
[Round "4"]
[White "Pejrimovsky, Tadeas Rubel"]
[Black "Vilimek, Vit"]
[Result "0-1"]
[WhiteElo "1444"]
[BlackElo "1631"]
[EventDate "2019.10.26"]

1. e4  e5  2. d4  exd4
3. Qxd4  Nc6  4. Qe3
b6  5. Nc3  Bc5
6. Qg3  Nf6  7. Qxg7  Rg8
8. Qh6  Bxf2+  9. Kd1
Qe7  10. h3  Nxe4
11. Nxe4  Qxe4  12. Qd2
Bc5  13. Nf3  Qg6
14. Qe2+  Qe6  15. Qd2
Bb7  16. Qe2  O-O-O
17. Qxe6  fxe6  18. a3
Nd4  19. Nxd4  Bxd4
20. c3  Be5  21. Rg1
Rdf8  22. Be3  Bh2
23. Rh1  Bxg2  24. Ba6+
Bb7  25. Bxb7+  Kxb7
26. Ke2  Rg2+  27. Kd3
Rxb2  28. Bd4  e5
29. Bg1  d5  30. Ke3
Bf4+  31. Kf3  h5
32. h4  e4# 0-1

[Event "Mistrovstvi Cech mladeze v sachu 2019 - HD14"]
[Site "Prichovice u Korenova"]
[Date "2019.10.29"]
[Round "4"]
[White "Zalusky, Matej"]
[Black "Sulcova, Tereza Radmila"]
[Result "1-0"]
[WhiteElo "1617"]
[BlackElo "1369"]
[EventDate "2019.10.26"]

1. e4 e6 2. d4 d5 3. e5 c5 4. c3 Nc6 5. Nf3 Bd7 6. Be3 Qb6 7. Qd2 Nh6 8. Bxh6
gxh6 9. g3 Rc8 10. dxc5 Bxc5 11. Bg2 Qb5 12. Qe2 Qxe2+ 13. Kxe2 Ne7 14. Nbd2 Bb5+
15. Ke1 Ng6 16. Nb3 Bb6 17. Nfd4 Bc4 18. f4 Rg8 19. Bf1 h5 20. Nb5 Ke7 21. Nd6
Rc7 22. Bxc4 dxc4 23. Nd2 f6 24. N6xc4 fxe5 25. fxe5 Rf8 26. Nxb6 axb6 27. Rf1
Nxe5 28. Rxf8 Kxf8 29. Ke2 Ng4 30. Rf1+ Kg7 31. h3 Nh6 32. Ne4 Nf5 33. Rd1 Ne7
34. Rd6 Nd5 35. Rxe6 h4 36. Re5 Rd7 37. gxh4 Nf4+ 38. Kf3 Nd3 39. Rg5+ Kf7 40.
Rh5 Kg6 41. Rg5+ Kf7 42. Rb5 Re7 43. Rxb6 Ne5+ 44. Kg3 Kf8 45. Rf6+ Kg8 46. Rf5
Ng6 47. Nf6+ Kh8 48. h5 Ne5 49. Rg5 Rg7 50. Rxg7 Kxg7 51. Ne4 Nc4 52. b3 Ne5 53.
a4 Kf8 54. b4 Nc4 55. a5 Ke7 56. Nc5 Nd6 57. a6 bxa6 58. Kf4 Kf6 59. Nxa6 h6 60.
Nc7 Nc8 61. c4 Nb6 62. Nd5+ 1-0

[Event "Mistrovstvi Cech mladeze v sachu 2019 - HD14"]
[Site "Prichovice u Korenova"]
[Date "2019.10.29"]
[Round "4"]
[White "Stastny, Simon"]
[Black "Dolensky, Filip"]
[Result "0-1"]
[WhiteElo "1474"]
[BlackElo "1609"]
[EventDate "2019.10.26"]

1. e4  c5  2. Nf3  e6
3. Nc3  a6  4. g3
Qc7  5. d4  cxd4
6. Nxd4  b6  7. Be3
Bb7  8. Bg2  Nf6
9. O-O  d6  10. h3
Nbd7  11. f4  Nc5
12. e5  Bxg2  13. Kxg2
Qb7+  14. Qf3  Qxf3+
15. Kxf3  dxe5  16. fxe5
Nfd7  17. Bf4  Be7
18. h4  Rc8  19. Rac1
h6  20. Rh1  b5
21. a3  Nb6  22. Ne4  Nxe4
23. Kxe4  Na4  24. Rb1
Nc5+  25. Ke3  O-O
26. Ne2  g5  27. hxg5
hxg5  28. Rbg1  Kg7
29. Kf3  Na4  30. Rh5
Rh8  31. Rxh8  Kxh8
32. b3  Nc3  33. Be3
Nxe2  34. Kxe2  Rxc2+
35. Kd3  Rc7  36. b4
Rd7+  37. Ke4  Rc7
38. Rd1  Kg7  39. Bc5
Bxc5  40. bxc5  Rxc5
41. Rd6  Rc4+  42. Kd3
Ra4  43. Kc2  Rxa3
0-1

[Event "Mistrovstvi Cech mladeze v sachu 2019 - HD14"]
[Site "Prichovice u Korenova"]
[Date "2019.10.29"]
[Round "4"]
[White "Pejrimovska, Viola Ruby"]
[Black "Steinbauer, Sebastian"]
[Result "1-0"]
[WhiteElo "1583"]
[BlackElo "1450"]
[EventDate "2019.10.26"]

1. e4  e5  2. d4  exd4
3. Qxd4  Nc6  4. Qe3
Bb4+  5. Nc3  Nf6
6. Bd2  O-O  7. O-O-O
Re8  8. Bc4  Bxc3
9. Bxc3  Nxe4  10. Qf3
Ng5  11. Qg3  g6
12. h4  Ne6  13. Nf3
d6  14. h5  Kf8
15. hxg6  hxg6  16. Qh2  Ke7
17. Bxe6  Bxe6  18. Qh4+
Kd7  19. Bf6  Ne7
20. Ne5+  Kc8  21. Qa4
c6  22. Nxc6  bxc6
23. Bxe7  Qxe7  24. Qxc6+
Kb8  25. Rd4  d5
26. Rhh4  a5  27. Rd3
Ka7  28. Rb3  Rab8
29. Ra4  Qg5+  30. f4
Qd8  31. Qc5+  Ka6
32. Rxb8  Qxb8  33. Rxa5+
Kb7  34. Rb5+  Ka6
35. Qc6+  Ka7  36. Ra5#
1-0

[Event "Mistrovstvi Cech mladeze v sachu 2019 - HD14"]
[Site "Prichovice u Korenova"]
[Date "2019.10.29"]
[Round "4"]
[White "Valdman, Jakub"]
[Black "Zelbova, Lada"]
[Result "1-0"]
[WhiteElo "1357"]
[BlackElo "1571"]
[EventDate "2019.10.26"]

1. e4 c5 2. Nf3 d6 3. d4 cxd4 4. Nxd4 Nf6 5. Nc3 a6 6. Bg5 e6 7. f4 Be7 8. Qf3
Qc7 9. O-O-O Nc6 10. Nxc6 bxc6 11. e5 dxe5 12. fxe5 Nd5 13. Bxe7 Qxe7 14. Nxd5
cxd5 15. Qg3 O-O 16. Bd3 Rb8 17. Rhf1 Qb4 18. b3 Qa3+ 19. Kb1 Bd7 20. Rf4 g6 21.
Rh4 Bb5 22. Qh3 h5 23. Rxh5 gxh5 24. Qxh5 Bxd3 25. Rxd3 Rfc8 26. Qh6 f5 27. Rg3+
Kf7 28. Rg7+ Ke8 29. Qxe6+ Kd8 30. Qd7# 1-0

[Event "Mistrovstvi Cech mladeze v sachu 2019 - HD14"]
[Site "Prichovice u Korenova"]
[Date "2019.10.29"]
[Round "4"]
[White "Sip, Marek"]
[Black "Handlovsky, Jachym"]
[Result "1-0"]
[WhiteElo "1553"]
[BlackElo "1275"]
[EventDate "2019.10.26"]
[PlyCount "69"]

1. d4 d5 2. c4 e6 3. Nc3 Nf6 4. Nf3 Nbd7 5. Bg5 Be7 6. e3 O-O 7. cxd5 Nxd5 8.
Bxe7 Qxe7 9. a3 N7f6 10. Bd3 b6 11. O-O Bb7 12. Rc1 Rac8 13. Ne2 c5 14. Qd2
Rfd8 15. Qe1 Nc7 16. Bb1 Bxf3 17. gxf3 cxd4 18. Nxd4 Ncd5 19. Nc6 Rxc6 20. Rxc6
Qb7 21. Qc1 Ne7 22. Rc3 Qxf3 23. e4 Qg4+ 24. Rg3 Qh4 25. Qc7 Re8 26. f3 Nh5 27.
Rg4 Qh3 28. Qc2 f5 29. exf5 Nxf5 30. Qe2 Nf6 31. Bxf5 exf5 32. Qc4+ Nd5 33.
Qxd5+ Kh8 34. Qf7 Rd8 35. Qxg7# 1-0

[Event "Mistrovstvi Cech mladeze v sachu 2019 - HD14"]
[Site "Prichovice u Korenova"]
[Date "2019.10.29"]
[Round "4"]
[White "Vaclavik, Jan"]
[Black "Pisar, Tomas"]
[Result "1-0"]
[WhiteElo "1797"]
[BlackElo "1355"]
[EventDate "2019.10.26"]
[PlyCount "51"]

1. d4 Nf6 2. Bf4 g6 3. Nc3 d5 4. e3 Bg7 5. h4 c6 6. Be2 h5 7. Qd2 b5 8. f3 a5
9. Nh3 Bf5 10. Nf2 Qd7 11. Rd1 a4 12. e4 dxe4 13. fxe4 Bg4 14. Nxg4 Nxg4 15. d5
b4 16. Nxa4 Rxa4 17. dxc6 Qxd2+ 18. Rxd2 O-O 19. c7 Na6 20. Bxa6 Rxa6 21. Rd8
Ra8 22. Rxf8+ Rxf8 23. Ke2 e5 24. Rd1 Bf6 25. Bg5 Rc8 26. Bxf6 1-0

[Event "Mistrovstvi Cech mladeze v sachu 2019 - HD14"]
[Site "Prichovice u Korenova"]
[Date "2019.10.29"]
[Round "4"]
[White "Fotr, Michal"]
[Black "Papousek, Michal"]
[Result "1/2-1/2"]
[WhiteElo "1430"]
[BlackElo "1717"]
[PlyCount "58"]
[EventDate "2019.10.26"]
[PlyCount "0"]

*
1. e4 c5 2. c3 d5 3. exd5 Qxd5 4. d4 Nf6 5. Nf3 Nc6 6. Be2 e6 7. O-O Be7 8. h3
O-O 9. Be3 b6 10. Bd3 Bb7 11. Bc2 Rfd8 12. Qe2 Rac8 13. Rd1 c4 14. Nbd2 b5 15.
Bf4 b4 16. Ne4 Ne8 17. Rab1 Ba6 18. Nfg5 h6 19. Nf3 b3 20. axb3 cxb3 21. Bd3
Bxd3 22. Rxd3 Nf6 23. Nxf6+ Bxf6 24. Rbd1 Qa5 25. Ne5 Bxe5 26. Bxe5 Rd7 27. Qe4
Ne7 28. Rg3 Ng6 29. f4 Qd5 1/2-1/2

[Event "Mistrovstvi Cech mladeze v sachu 2019 - HD14"]
[Site "Prichovice u Korenova"]
[Date "2019.10.29"]
[Round "4"]
[White "Benes, Jachym"]
[Black "Spicka, Petr"]
[Result "1-0"]
[WhiteElo "1656"]
[BlackElo "1433"]
[PlyCount "65"]
[EventDate "2019.10.26"]

1. d4 d5 2. c4 e5 3. dxe5 d4 4. Nf3 Nc6 5. g3 Bc5 6. Bg2 Be6 7. O-O Nge7 8.
Nbd2 Bb6 9. Qc2 a6 10. a3 Ng6 11. b4 Qd7 12. Bb2 Bf5 13. Qb3 O-O 14. Rad1 a5
15. c5 a4 16. Qc4 Ba7 17. Bxd4 Be6 18. Qc3 Nxd4 19. Qxd4 Qe7 20. Nc4 Rfd8 21.
Qc3 b6 22. Nd4 Bd5 23. Nc6 Bxc6 24. Bxc6 Rab8 25. cxb6 cxb6 26. b5 Rbc8 27. Nd6
Rc7 28. f4 Qe6 29. Qc4 Qg4 30. Nxf7 Rxd1 31. Rxd1 Rxf7 32. Rd7 Nxe5 33. Rd8#
1-0

[Event "Mistrovstvi Cech mladeze v sachu 2019 - HD14"]
[Site "Prichovice u Korenova"]
[Date "2019.10.29"]
[Round "4"]
[White "Pecka, Jan"]
[Black "Kodet, Jaromir"]
[Result "1-0"]
[WhiteElo "1634"]
[BlackElo "1362"]
[PlyCount "141"]
[EventDate "2019.10.26"]

1. Nf3 Nf6 2. c4 c6 3. d4 d5 4. Bg5 Ne4 5. Bf4 e6 6. e3 Bb4+ 7. Nbd2 g5 8. Bxb8
Rxb8 9. a3 Bxd2+ 10. Nxd2 Nxd2 11. Qxd2 f6 12. Be2 Bd7 13. h4 gxh4 14. Rxh4 f5
15. Rh2 Kf8 16. O-O-O Be8 17. Rdh1 Bg6 18. Bh5 Qf6 19. Bxg6 Qxg6 20. Qb4+ Kf7
21. Rh6 Qg7 22. Qd6 Rbe8 23. Qc7+ Re7 24. Qh2 dxc4 25. Rxh7 Rxh7 26. Qxh7 Ke8
27. Qxg7 Rxg7 28. g3 Kd7 29. Kd2 Kd6 30. Kc3 Kd5 31. Rh4 b5 32. Kb4 Rb7 33. Rh6
Rg7 34. Ka5 Rd7 35. f3 Re7 36. Rh8 Rd7 37. Rh6 Rg7 38. Rh8 c3 39. bxc3 Rxg3 40.
Rd8+ Kc4 41. Rd6 Rxf3 42. Rxc6+ Kd5 43. Rc5+ Kd6 44. Re5 Rf1 45. Kxb5 Ra1 46.
a4 Rb1+ 47. Ka6 Ra1 48. a5 Rc1 49. Kxa7 Rxc3 50. a6 Rb3 51. Ka8 Rb6 52. a7 Kc7
53. Rc5+ Kd7 54. d5 e5 55. Rc6 Rb2 56. Re6 f4 57. exf4 exf4 58. Rf6 Kc7 59.
Rxf4 Rb5 60. Rf7+ Kc8 61. d6 Rb6 62. Rc7+ Kd8 63. Rb7 Rc6 64. d7 Ke7 65. Kb8
Rd6 66. a8=Q Kd8 67. Ka7+ Ke7 68. d8=Q+ Ke6 69. Re7+ Kf5 70. Qf3+ Kg6 71. Qg8+
1-0

[Event "Mistrovstvi Cech mladeze v sachu 2019 - HD16"]
[Site "Prichovice u Korenova"]
[Date "2019.10.29"]
[Round "4"]
[White "Jares, Michal"]
[Black "Langmajer, Jan"]
[Result "1-0"]
[WhiteElo "1922"]
[BlackElo "1615"]
[EventDate "2019.10.26"]

1. d4  Nf6  2. Nf3  e6
3. g3  b5  4. Bg2
Bb7  5. a4  b4
6. c4  c5  7. d5  exd5
8. Nh4  d6  9. O-O
Be7  10. Nf5  O-O
11. cxd5  Bc8  12. Ne3
Nbd7  13. Nd2  Ne5
14. Ndc4  Nxc4  15. Nxc4
Bf5  16. f3  Bc8
17. e4  Ba6  18. b3
Nd7 19. Bb2  Bf6  20. Bxf6
Qxf6  21. Rc1  Ne5
22. Nxe5  Qxe5  23. f4
Qf6  24. Re1  Rfe8
25. Qd2  Qe7  26. e5
Red8  27. Qe3  Rac8
28. e6  f6  29. Bf1
Bxf1  30. Rxf1  a5
31. Qe4  Rb8  32. Rc4
Rb7  33. f5  Qe8
34. Qg4  Rc8  35. Kf2
Rcc7  36. Ke2  Re7
37. Kd2  Rec7  38. Kc2
Qe7  39. Kb2  Qe8
40. Qf3  Qe7  41. g4
h6  42. h4  Ra7
43. Ka2  Rab7  44. Rg1  Kh7
45. g5  Rb8  46. Qg3
fxg5  47. hxg5  Qxg5
48. Qxg5  hxg5  49. Rxg5
Rh8  50. f6  Kh6
51. Rg1  g5  52. Rh1+
Kg6  53. Rxh8  1-0